000 00766nam a2200265Ia 4500
003 OSt
005 20221005062158.0
006 a|||||r|||| 00| 0
007 ta
008 221004b |||||||| |||| 00| 0 eng d
020 _a9780415401272 (pbk)
_c795
024 _a7750
037 _b786, 18/10/2013, The Book Seller
_cTextual
040 _aCRL
_cCRL
_beng
041 _2eng
_aeng
082 _aP:(Y), P2;P7
100 _aStockwell Peter
245 0 _aSociolinguistics
_b Resource book for students
250 _a2nd ed.
260 _aLondon
_bRoutledge UK
_c2013
300 _axv,254p.
_ccm.
650 _aLINGUISTICS
942 _hP:(Y), P2;P7
_cTEXL
_2cc
999 _c969304
_d969304